Diamant dopovaný bórom ako elektródový materiál
Salvato in:
| Autore principale: | |
|---|---|
| Altri autori: | |
| Natura: | Manoscritto Libro |
| Lingua: | slovacco |
| Pubblicazione: |
2015
|
| Soggetti: | |
| Accesso online: | http://is.stuba.sk/zp/portal_zp.pl?podrobnosti=82432 |
| Tags: |
Nessun Tag, puoi essere il primo ad aggiungerne!!
|
MARC
| LEADER | 00000ntm a22000003a 4500 | ||
|---|---|---|---|
| 001 | stuzp23171 | ||
| 003 | SK-STU | ||
| 005 | 20160719152839.0 | ||
| 007 | ta | ||
| 008 | 150427s2015----xo-----f-mn---000-0-slo-d | ||
| 040 | |a STU |b slo | ||
| 041 | 0 | |a slo | |
| 100 | 1 | |a Culková, Eva |u 041180 |4 aut |U FCHPT Ústav analytickej chémie |T FCHPT Oddelenie analytickej chémie |X 8228 |U C1180 |Y 108 |7 8228 | |
| 242 | 0 | 1 | |a Boron-doped diamond as electrode material |y eng |
| 245 | 1 | 0 | |a Diamant dopovaný bórom ako elektródový materiál |
| 260 | |c 2015 | ||
| 650 | 4 | |a elektróda z diamantu dopovaného bórom |2 slo | |
| 650 | 4 | |a zinok |2 slo | |
| 650 | 4 | |a fluoridy |2 slo | |
| 650 | 4 | |a cín |2 slo | |
| 650 | 4 | |a boron-doped diamond electrode |2 eng | |
| 650 | 4 | |a zinc |2 eng | |
| 650 | 4 | |a fluorides |2 eng | |
| 650 | 4 | |a tin |2 eng | |
| 700 | 1 | |a Tomčík, Peter |4 ths |X 3989 |7 3989 | |
| 856 | 4 | |u http://is.stuba.sk/zp/portal_zp.pl?podrobnosti=82432 | |
| SQL | |a stuzp23171 |b DDZ |c SLO |d Diamant dopovaný bórom ako elektródový materiál |e 8228 |f Culková, Eva |g 041180 |h 3989 |i Tomčík, Peter |j 20150826 |k 130 |l 04 |m http://is.stuba.sk/zp/portal_zp.pl?podrobnosti=82432 |n D-ACH |o 4.1.17. analytická chémia | ||